[Event "AUTO-OPEN-3384"]
[Site "http://www.queenalice.com/game.php?id=1369985"]
[Date "2015.7.5"]
[Round "2"]
[White "chessman"]
[Black "Leonardompaula89"]
[Result "0-1"]
[WhiteElo "1960"]
[BlackElo "2015"]

1. e4 c5 2. Nf3 Nc6 3. d4 cxd4 4. Nxd4 g6 5. Be2 Bg7 6. Be3 Nf6 7. f3 O-O 8. O-O
d5 9. Nc3 Nxd4 10. Bxd4 dxe4 11. Nxe4 Nxe4 12. Bxg7 Qxd1 13. Rfxd1 Kxg7 14. fxe4
Be6 15. Rd4 Rac8 16. c3 Rfd8 17. a3 Rxd4 18. cxd4 Rc2 19. Bf3 Rxb2 20. Rc1 Ba2
21. Rc7 e6 22. h3 a5 23. Rc3 b5 24. d5 Rd2 25. Rc5 b4 26. axb4 axb4 27. dxe6
Bxe6 28. Rb5 b3 29. Kh2 b2 30. e5 Bf5 0-1

[Event "AUTO-OPEN-3384"]
[Site "http://www.queenalice.com/game.php?id=1369986"]
[Date "2015.7.5"]
[Round "2"]
[White "Leonardompaula89"]
[Black "chessman"]
[Result "0-1"]
[WhiteElo "2032"]
[BlackElo "2009"]

1. d4 d5 2. c4 c6 3. Nf3 Nf6 4. Nc3 e6 5. Bg5 Be7 6. e3 O-O 7. cxd5 exd5 8. Bd3
Re8 9. O-O Nbd7 10. Re1 Nf8 11. Qc2 Ng6 12. Rad1 Bg4 13. Be2 h6 14. Bxf6 Bxf6
15. h3 Be6 16. e4 dxe4 17. Nxe4 Nf4 18. Bf1 Bf5 19. Nxf6+ Qxf6 20. Qb3 b6 21.
Qa3 Nd5 22. Rxe8+ Rxe8 23. Qxa7 Bxh3 24. Ne5 Bf5 25. Nd7 Qe7 0-1

[Event "AUTO-OPEN-3384"]
[Site "http://www.queenalice.com/game.php?id=1369989"]
[Date "2015.7.5"]
[Round "2"]
[White "janeil"]
[Black "Leonardompaula89"]
[Result "1/2-1/2"]
[WhiteElo "2512"]
[BlackElo "2029"]

1. e4 c5 2. Nf3 Nc6 3. d4 cxd4 4. Nxd4 g6 5. c4 Bg7 6. Be3 Nf6 7. Nc3 O-O 8. Be2
d6 9. O-O Nxd4 10. Bxd4 Bd7 11. Qc2 a6 12. b3 Rc8 13. a4 b5 14. axb5 axb5 15.
Rfd1 bxc4 16. bxc4 Be6 17. Nd5 Nxd5 18. exd5 Bf5 19. Qd2 Bxd4 20. Qxd4 Qc7 21.
Ra7 Qd8 22. g4 1/2-1/2

[Event "AUTO-OPEN-3384"]
[Site "http://www.queenalice.com/game.php?id=1369990"]
[Date "2015.7.5"]
[Round "2"]
[White "Leonardompaula89"]
[Black "janeil"]
[Result "0-1"]
[WhiteElo "2043"]
[BlackElo "2543"]

1. e4 c5 2. Nf3 d6 3. d4 cxd4 4. Nxd4 Nf6 5. Nc3 a6 6. Be2 e5 7. Nb3 Be7 8. Be3
O-O 9. O-O Qc7 10. Nd5 Nxd5 11. exd5 f5 12. f4 Nd7 13. c4 b6 14. Rc1 Rb8 15. Qd2
Nc5 16. Nxc5 bxc5 17. b3 e4 18. Rfd1 h6 19. Qe1 a5 20. Bd2 a4 21. bxa4 Bd7 22.
a5 Ba4 23. Bc3 Bxd1 24. Qxd1 Bf6 25. Qa4 Bd4+ 26. Bxd4 cxd4 0-1

[Event "Partida 1. "]
[Site "http://www.queenalice.com/game.php?id=1405152"]
[Date "2016.1.19"]
[Round "-"]
[White "Leonardompaula89"]
[Black "danilopsv"]
[Result "1-0"]
[WhiteElo "2036"]
[BlackElo "2081"]

1. e4 c5 2. Nf3 e6 3. d4 cxd4 4. Nxd4 Nf6 5. Nc3 d6 6. g4 Nc6 7. g5 Nd7 8. h4
Be7 9. Be3 O-O 10. f4 Qb6 11. a3 e5 12. Nf5 Qd8 13. Nxe7+ Qxe7 14. f5 a6 15. Nd5
Qd8 16. f6 g6 17. h5 Nc5 18. Qe2 1-0

[Event "Partida 2. "]
[Site "http://www.queenalice.com/game.php?id=1405154"]
[Date "2016.1.19"]
[Round "-"]
[White "danilopsv"]
[Black "Leonardompaula89"]
[Result "0-1"]
[WhiteElo "2063"]
[BlackElo "2068"]

1. d4 Nf6 2. c4 c5 3. d5 b5 4. cxb5 a6 5. Nc3 axb5 6. Nxb5 e6 7. e4 Nxe4 8. dxe6
fxe6 9. Ne2 Be7 10. Be3 d5 11. Nec3 Nf6 12. Bf4 O-O 13. Bc7 Qd7 14. Bd3 d4 15.
Ne2 Nd5 16. Bg3 c4 17. Bxc4 Bb4+ 18. Nbc3 dxc3 19. bxc3 Bc5 20. O-O Ba6 21. Qb3
Bxc4 22. Qxc4 Qc6 23. Qg4 Nf6 24. Qh3 Nbd7 0-1

[Event "AUTO-MASTER-2418"]
[Site "http://www.queenalice.com/game.php?id=1405430"]
[Date "2016.1.21"]
[Round "1"]
[White "novoselic"]
[Black "Leonardompaula89"]
[Result "0-1"]
[WhiteElo "2013"]
[BlackElo "2054"]

1. e4 c6 2. d4 d5 3. Nc3 dxe4 4. Nxe4 Bf5 5. Ng3 Bg6 6. h4 h6 7. h5 Bh7 8. Nf3
Nf6 9. Bd3 Bxd3 10. Qxd3 e6 11. Bf4 Be7 12. O-O-O O-O 13. Kb1 Nbd7 14. Nd2 Nd5
15. Be3 Nxe3 16. Qxe3 Qc7 17. f4 Nf6 18. Nde4 Nd5 19. Qf3 Qxf4 20. Rdf1 Qxf3 21.
Rxf3 Rad8 22. c3 Nb6 23. Ne2 Nc4 24. g4 f5 25. Nf2 Nd2+ 0-1

[Event "AUTO-MASTER-2418"]
[Site "http://www.queenalice.com/game.php?id=1405431"]
[Date "2016.1.21"]
[Round "1"]
[White "Leonardompaula89"]
[Black "novoselic"]
[Result "1-0"]
[WhiteElo "2084"]
[BlackElo "2077"]

1. e4 c5 2. Nf3 d6 3. d4 cxd4 4. Nxd4 Nf6 5. Nc3 g6 6. Be3 Bg7 7. Qd2 Nc6 8. Be2
O-O 9. O-O-O Nxd4 10. Bxd4 Be6 11. f4 Qa5 12. Rhf1 Rac8 13. a3 a6 14. Bxf6 Bxf6
15. Nd5 Qc5 16. Nxf6+ exf6 17. Bd3 b5 18. f5 Bb3 19. Kb1 Bc4 20. fxg6 fxg6 21.
Bxc4+ bxc4 22. Qxd6 Qb5 23. Rxf6 Rxf6 24. Qxf6 Rb8 25. Rd8+ Rxd8 26. Qxd8+ Kf7
27. Qc7+ Kg8 28. e5 Qd5 29. Qd6 Qxd6 30. exd6 Kf7 31. Kc1 Ke6 32. Kd2 Kxd6 33.
Kc3 Kc5 34. b3 cxb3 35. cxb3 a5 36. Kd3 1-0

[Event "AUTO-MASTER-2418"]
[Site "http://www.queenalice.com/game.php?id=1405442"]
[Date "2016.1.21"]
[Round "1"]
[White "CCapivara"]
[Black "Leonardompaula89"]
[Result "0-1"]
[WhiteElo "2105"]
[BlackElo "2084"]

1. e4 c6 2. d4 d5 3. exd5 cxd5 4. Nf3 Nf6 5. Bd3 Bg4 6. O-O e6 7. Bg5 Be7 8.
Nbd2 O-O 9. c3 h6 10. Bh4 Nbd7 11. Qa4 Nb6 12. Qc2 Rc8 13. Ne5 Bh5 14. h3 Nfd7
15. Bxe7 Qxe7 16. g4 Nxe5 17. dxe5 Bg6 18. Bxg6 fxg6 19. Qxg6 Nc4 20. Nxc4 Rxc4
21. Rae1 Rcf4 22. Kg2 Qh4 23. Qxe6+ Kh8 24. Re2 Rf3 25. g5 Qxg5+ 26. Qg4 Qe7 27.
Qxf3 Rxf3 28. Kxf3 Qe6 29. Kg2 g5 30. f4 gxf4 31. Rxf4 h5 32. Rf6 Qe7 33. Kf3
Kh7 34. Kf4 Qg7 35. Kf5 Qg3 36. Rf7+ Kg8 37. e6 Qf3+ 38. Ke5 Qxe2+ 39. Kxd5 Qg2+
40. Kd6 Qxh3 41. Rxb7 Qd3+ 42. Ke7 Qd5 43. Rd7 Qe5 44. c4 h4 45. Rd3 Kg7 46. Kd7
Qf5 47. Rd5 Qg4 48. Kd6 Kf6 49. e7 Qe6+ 0-1

[Event "AUTO-MASTER-2418"]
[Site "http://www.queenalice.com/game.php?id=1405443"]
[Date "2016.1.21"]
[Round "1"]
[White "Leonardompaula89"]
[Black "CCapivara"]
[Result "0-1"]
[WhiteElo "2101"]
[BlackElo "2080"]

1. e4 d6 2. d4 Nf6 3. Nc3 c6 4. Nf3 Bg4 5. Bd3 Nbd7 6. O-O e5 7. d5 Be7 8. h3
Bh5 9. Be2 O-O 10. Nh2 Bg6 11. Bd3 a6 12. a4 cxd5 13. exd5 Bxd3 14. Qxd3 Rc8 15.
Be3 Nb6 16. Ne4 Nbxd5 17. Nxf6+ Nxf6 18. Rad1 Qc7 19. c3 Rfd8 20. Rd2 d5 21.
Rfd1 h6 22. Qb1 Bc5 23. Nf3 Bxe3 24. fxe3 Qc5 25. Re1 Re8 26. Qd1 Rcd8 27. Qb3
Ne4 28. Rdd1 b5 29. axb5 axb5 30. Nd2 Nd6 31. Nf1 Nc4 32. Kh2 Re6 33. Qc2 e4 34.
Rd4 Rc8 35. Red1 Qd6+ 36. Kh1 Rc5 37. b4 Rc6 38. Rxd5 Qe7 39. Rxb5 Rcd6 40. Rbd5
Rxd5 41. Rxd5 Qh4 42. Qe2 Ne5 43. Rd4 Rf6 44. Nd2 Rf2 45. Qe1 Qg3 46. Qg1 Nf3
47. Nxf3 exf3 48. Rg4 fxg2+ 49. Qxg2 Rxg2 50. Rxg3 Rxg3 0-1

[Event "AUTO-MASTER-2418"]
[Site "http://www.queenalice.com/game.php?id=1405448"]
[Date "2016.1.21"]
[Round "1"]
[White "karlus"]
[Black "Leonardompaula89"]
[Result "1-0"]
[WhiteElo "2036"]
[BlackElo "2027"]

1. e4 c6 2. Nf3 d5 3. exd5 cxd5 4. d4 Nf6 5. c4 e6 6. Bd3 Be7 7. O-O O-O 8. c5
Nc6 9. Nc3 b6 10. cxb6 axb6 11. Bf4 Ba6 12. Bxa6 Rxa6 13. Rc1 Na7 14. Qe2 b5 15.
a4 Qb6 16. axb5 Ra5 17. Ra1 Rxa1 18. Rxa1 Rb8 19. Bxb8 Qxb8 20. Ra6 Bb4 21. b6
Nc8 22. Qb5 1-0

[Event "AUTO-MASTER-2418"]
[Site "http://www.queenalice.com/game.php?id=1405449"]
[Date "2016.1.21"]
[Round "1"]
[White "Leonardompaula89"]
[Black "karlus"]
[Result "0-1"]
[WhiteElo "2041"]
[BlackElo "1982"]

1. c4 Nf6 2. Nc3 c5 3. g3 d5 4. cxd5 Nxd5 5. Bg2 Nc7 6. Nf3 Nc6 7. O-O e5 8. d3
Be7 9. Be3 Bf5 10. Qa4 O-O 11. Qb5 Nxb5 0-1

[Event "AUTO-OPEN-3603"]
[Site "http://www.queenalice.com/game.php?id=1405628"]
[Date "2016.1.22"]
[Round "1"]
[White "SportRecife"]
[Black "Leonardompaula89"]
[Result "0-1"]
[WhiteElo "2127"]
[BlackElo "2100"]

1. e4 c6 2. Nf3 d5 3. exd5 cxd5 4. d4 Nf6 5. c3 Bf5 6. Bf4 Nc6 7. Nbd2 e6 8. Be2
Bd6 9. Bxd6 Qxd6 10. Nb3 O-O 11. O-O a5 12. Nc5 b6 13. Na4 Rfb8 14. Bb5 Na7 15.
Qb3 Nxb5 16. Qxb5 Ne8 17. c4 dxc4 18. Nc3 Qb4 19. Qxb4 axb4 20. Nd1 Bd3 21. Re1
Ra5 22. Ne5 Rba8 23. Nxd3 cxd3 24. Re3 Rxa2 25. Rxa2 Rxa2 26. Rxd3 Ra1 27. g3
Nd6 28. Kg2 Nc4 29. b3 Na3 30. Ne3 Rc1 31. d5 g6 32. dxe6 fxe6 33. Ng4 Rc3 34.
Rf3 Nb5 35. Nf6+ Kh8 36. Ne8 Rxf3 37. Kxf3 Nd4+ 38. Ke3 Nxb3 39. Kd3 Nc5+ 40.
Kc2 Kg8 41. Nd6 Kg7 42. Nc4 Kf6 43. Nxb6 Kf5 44. f3 g5 45. Nc4 h5 46. h3 h4 47.
Nd6+ Ke5 48. Nf7+ Kf6 49. gxh4 Kxf7 50. hxg5 e5 51. h4 Kg6 52. Kb2 Kh5 53. Kc2
Kxh4 54. g6 Ne6 55. Kb3 Kg5 56. Kxb4 Kxg6 57. Kc3 Kf5 58. Kd3 Kf4 59. Ke2 Nd4+
60. Kf2 Nxf3 61. Ke2 e4 62. Kf2 e3+ 63. Ke2 Nd4+ 64. Kd1 e2+ 65. Kd2 Kf3 66. Ke1
Nf5 0-1

[Event "AUTO-OPEN-3603"]
[Site "http://www.queenalice.com/game.php?id=1405629"]
[Date "2016.1.22"]
[Round "1"]
[White "Leonardompaula89"]
[Black "SportRecife"]
[Result "1-0"]
[WhiteElo "2011"]
[BlackElo "2127"]

1. e4 e5 2. Nf3 Nc6 3. Bb5 a6 4. Ba4 Bc5 5. O-O d6 6. c3 b5 7. Bc2 Nf6 8. d4
exd4 9. cxd4 Bb6 10. Bg5 Bg4 11. e5 dxe5 12. dxe5 Qxd1 13. Bxd1 Bxf3 14. Bxf3
1-0